Ďáblovy dveře / Sharan Newman
Record details
- ISBN: 80-7214-897-4
- Physical Description: 410 s. ; 21 cm
- Edition: Vyd. 1.
- Publisher: Praha : Baronet, 2006
Content descriptions
| General Note: | Přeloženo z angličtiny |
Search for related items by subject
| Genre: | americké romány historické romány American fiction historical novels |
Search for related items by series
Available copies
- 1 of 1 copy available at Common Catalog SPOK.
Holds
- 0 current holds with 1 total copy.
Show Only Available Copies
| Location | Call Number / Copy Notes | Barcode | Shelving Location | Status | Due Date |
|---|---|---|---|---|---|
| The Jewish community of Prague | K 2696 | 4638300830 | K - Beletrie | Available | - |
| LDR | 01084nam a2200373 a 4500 | ||
|---|---|---|---|
| 001 | 52935 | ||
| 003 | CZ-PrJAB | ||
| 005 | 20070314092730.0 | ||
| 007 | ta | ||
| 008 | 060511s2006 xr g 000 f cze | ||
| 015 | . | ‡acnb001654577 | |
| 020 | . | ‡a80-7214-897-4 ‡q(váz.) | |
| 035 | . | ‡a(CZ PrNK)nkc20061654577 | |
| 035 | . | ‡a(OCoLC)85544958 | |
| 040 | . | ‡aOLA001 ‡bcze ‡dABA001 | |
| 041 | 1 | . | ‡acze ‡heng |
| 072 | 7. | ‡a821.111(73)-3 ‡xAmerická próza ‡2Konspekt ‡925 | |
| 080 | . | ‡a821.111(73)-31 ‡2MRF | |
| 080 | . | ‡a(0:82-311.6) ‡2MRF | |
| 100 | 1 | . | ‡aNewman, Sharan, ‡d1949- ‡7xx0019269 ‡4aut |
| 245 | 1 | 0. | ‡aĎáblovy dveře / ‡cSharan Newman |
| 250 | . | ‡aVyd. 1. | |
| 260 | . | ‡aPraha : ‡bBaronet, ‡c2006 | |
| 300 | . | ‡a410 s. ; ‡c21 cm | |
| 490 | 1 | . | ‡aBaronetka |
| 500 | . | ‡aPřeloženo z angličtiny | |
| 655 | 7. | ‡aamerické romány ‡7fd131796 ‡2czenas | |
| 655 | 7. | ‡ahistorické romány ‡7fd132414 ‡2czenas | |
| 655 | 9. | ‡aAmerican fiction ‡2eczenas | |
| 655 | 9. | ‡ahistorical novels ‡2eczenas | |
| 765 | 0 | . | ‡tDevil's door ‡9Česky |
| 830 | 0. | ‡aBaronetka | |
| 910 | . | ‡aABE461 | |
| 995 | . | ‡aska | |
| 901 | . | ‡a52935 ‡bAUTOGEN ‡c52935 ‡tbiblio | |